[Event "Challenge"]
[Site "http://www.queenalice.com/game.php?id=948413"]
[Date "2011.6.10"]
[Round "-"]
[White "Edu998"]
[Black "NinhAlone"]
[Result "1-0"]
[WhiteElo "1682"]
[BlackElo "1215"]

1. d4 e6 2. Nf3 Nc6 3. e3 Nf6 4. Nc3 d5 5. Bd3 Be7 6. O-O O-O 7. Ne5 Nb4 8. Be2
Ne4 9. Bd2 c5 10. Na4 Qc7 11. c3 Nc6 12. Bc1 Nxe5 13. dxe5 Qxe5 14. f4 Qf6 15.
Bf3 Nd6 16. Nxc5 Nc4 17. Na4 b6 18. b3 Nd6 19. Bb2 e5 20. c4 Bb7 21. fxe5 Qe6
22. Bxd5 Qd7 23. Qd4 Bxd5 24. Qxd5 Rac8 25. exd6 Bxd6 26. Qd4 f6 27. g3 Qe7 28.
Rae1 Qe6 29. Rd1 Be5 30. Qe4 Rcd8 31. Rxd8 Rxd8 32. Rf5 Rd1+ 33. Kg2 g6 34. Qa8+
Kf7 35. Qxa7+ Rd7 36. Qa6 gxf5 37. Ba3 f4 38. exf4 Bd4 39. Qb5 Qe4+ 40. Kh3 Qf5+
41. Qxf5 Ke8 42. Qb5 Kd8 43. Nxb6 Rb7 44. Qd5+ Kc7 45. Qxd4 h5 46. Bc5 1-0

[Event "Challenge"]
[Site "http://www.queenalice.com/game.php?id=949896"]
[Date "2011.6.14"]
[Round "-"]
[White "Edu998"]
[Black "Rayaniinha"]
[Result "1-0"]
[WhiteElo "1500"]
[BlackElo "1423"]

1. d4 d5 2. c4 Nf6 3. e3 e6 4. Nc3 dxc4 5. Bxc4 Bd6 6. a3 Ng4 7. Nf3 O-O 8. h3
Nf6 9. Qd3 Nc6 10. e4 Na5 11. Nb5 Nxc4 12. Qxc4 a6 13. Nxd6 Bd7 14. e5 Nd5 15.
Ne4 Nb6 16. Qc2 a5 17. O-O Bb5 18. Bg5 f6 19. Bxf6 gxf6 20. Nxf6+ Kg7 21. Qxh7#
1-0

[Event "Challenge"]
[Site "http://www.queenalice.com/game.php?id=956310"]
[Date "2011.7.3"]
[Round "-"]
[White "Edu998"]
[Black "AlekinePb"]
[Result "1-0"]
[WhiteElo "1535"]
[BlackElo "1748"]

1. e4 c6 2. d4 d5 3. e5 Bf5 4. Qf3 e6 5. Bd3 Bxd3 6. Qxd3 Nd7 7. Nf3 c5 8. b3
Qc7 9. Qc3 b6 10. O-O Ne7 11. Ba3 Rc8 12. dxc5 Nxc5 13. b4 Ne4 14. Qd3 Qxc2 15.
Qb5+ Qc6 16. Qxc6+ Rxc6 17. b5 Rc2 18. h3 Nf5 19. g4 Nh6 20. Nd4 Bc5 21. Bxc5
Nxc5 22. Nxc2 f5 23. f3 Nf7 24. Re1 f4 25. Nd4 O-O 26. Nd2 Re8 27. Rac1 Nd3 28.
Nc6 Nc5 29. Rc3 Ng5 30. Kg2 Na4 31. Rcc1 Nc5 32. Rc3 a5 33. Nb3 Nd7 34. h4 Nf7
35. Ne7+ Rxe7 36. Rc7 Kf8 37. Nd4 Nd8 38. Rc8 Kf7 39. Rxd8 Nc5 40. Rc1 h6 41.
Nc6 Rc7 42. Nb8 Rb7 43. Nc6 Kg6 44. h5+ Kf7 45. Rd6 Nd3 46. Rd1 Nb2 47. Nd8+ 1-0

[Event "Challenge"]
[Site "http://www.queenalice.com/game.php?id=956929"]
[Date "2011.7.4"]
[Round "-"]
[White "Edu998"]
[Black "zmanomega"]
[Result "0-1"]
[WhiteElo "1559"]
[BlackElo "1573"]

1. e4 e5 2. Nf3 d6 3. h3 c6 4. d4 Nd7 5. c3 c5 6. dxc5 dxc5 7. Bb5 Nf6 8. Bg5 a6
9. Bc4 h6 10. Bh4 b5 11. Bxf7+ Kxf7 12. Nxe5+ Ke8 13. Qh5+ Nxh5 14. Bxd8 Kxd8
15. Nf7+ Kc7 16. Nxh8 Nf4 17. O-O Ne5 18. Nd2 g5 19. Rad1 Bg7 20. Nf3 Bxh8 21.
Nxe5 Bxe5 22. Rd2 h5 23. Re1 Bb7 24. g3 Nxh3+ 25. Kg2 g4 26. Rde2 Rd8 27. Rh1
Rd3 28. Ree1 Bc8 29. Rd1 Rxd1 30. Rxd1 Bb7 31. f3 Ng5 32. f4 Bxe4+ 33. Kh2 h4
34. fxe5 h3 35. Rd6 Bg2 36. Rf6 Nf3+ 37. Rxf3 gxf3 38. Kg1 Kd8 39. g4 Ke7 40. b3
Ke6 41. a4 Kxe5 42. g5 f2+ 43. Kxf2 Kf5 44. c4 bxc4 45. bxc4 Kxg5 46. Kg3 Kf5
47. Kh2 Ke4 48. Kg1 Kd4 0-1

[Event "Challenge"]
[Site "http://www.queenalice.com/game.php?id=957337"]
[Date "2011.7.6"]
[Round "-"]
[White "Edu998"]
[Black "AlekinePb"]
[Result "0-1"]
[WhiteElo "1720"]
[BlackElo "1728"]

1. d4 Nf6 2. e3 d6 3. Nf3 c6 4. c4 Bg4 5. Be2 g6 6. Nc3 Bg7 7. e4 O-O 8. O-O Qc7
9. Bf4 Nbd7 10. Qd2 Bxf3 11. Bxf3 e5 12. dxe5 dxe5 13. Bh6 Rad8 14. Bxg7 Kxg7
15. Qg5 h6 16. Qg3 Nc5 17. Be2 Ncxe4 18. Nxe4 Nxe4 19. Qe3 Ng5 20. Bd3 f5 21.
Bc2 f4 22. Qxa7 e4 23. Rae1 f3 24. Bxe4 Nxe4 25. Rxe4 fxg2 26. Kxg2 Qf7 27. Qc5
Qf3+ 28. Kg1 Qxe4 29. Qb4 c5 30. Qxc5 Rf5 31. Qc7+ Rf7 32. Qxd8 Rf5 33. Qc7+ Kf6
34. Qb6+ Kg5 35. Qb4 Kh5 36. Re1 Rg5+ 37. Kf1 Qh1+ 38. Ke2 Re5+ 39. Kd1 Qf3+ 40.
Kc1 Rf5 41. Rf1 Qe2 42. Rd1 Rxf2 43. Rd2 Rf1+ 44. Kc2 Qe1 45. Rd5+ g5 46. Qxe1
Rxe1 47. Rd1 Re4 48. b3 Re7 49. b4 g4 50. c5 Kg5 51. Rg1 Re2+ 52. Kb3 Rxh2 53.
b5 Rf2 54. c6 bxc6 55. b6 h5 56. Rb1 Rf8 57. Kc4 g3 58. b7 h4 59. Kc5 g2 60.
Kxc6 h3 61. Kc7 h2 62. b8=Q Rxb8 63. Rxb8 h1=Q 0-1

[Event "Challenge"]
[Site "http://www.queenalice.com/game.php?id=957949"]
[Date "2011.7.8"]
[Round "-"]
[White "Edu998"]
[Black "VFA"]
[Result "0-1"]
[WhiteElo "1570"]
[BlackElo "1925"]

1. e4 e5 2. Nf3 Nf6 3. Nc3 Nc6 4. d4 exd4 5. Nxd4 Bc5 6. Be3 Bb6 7. Nxc6 bxc6 8.
Bd4 O-O 9. Be2 Re8 10. e5 Bxd4 11. Qxd4 Nd5 12. Nxd5 cxd5 13. Qxd5 c6 14. Qc5
Qc7 15. f4 a5 16. O-O-O Qb7 17. b3 Qb4 18. Qxb4 axb4 19. Kb2 c5 20. Bd3 Bb7 21.
Rhe1 Bxg2 22. Re3 g6 23. Rg3 Bc6 24. h4 Re6 25. Bc4 Re7 26. h5 Kg7 27. hxg6 fxg6
28. Bd3 Rf8 29. f5 Rxe5 30. fxg6 hxg6 31. Rxg6+ Kf7 32. Rf1+ Ke8 33. Rfg1 Kd8
34. R1g5 Rxg5 35. Rxg5 d5 36. Ba6 Kc7 37. Rg6 Rf2 38. Rg7+ Kb6 39. Bc8 Kb5 40.
Rg5 d4 41. Be6 Kb6 42. Bd5 Bb5 43. Rg6+ Kc7 44. Rg2 Rf5 45. Be4 Re5 46. Bd3 Bxd3
47. cxd3 Re3 48. Rc2 Kd6 49. Rd2 Ke5 50. Kc2 Kf4 51. Rf2+ Rf3 52. Rxf3+ Kxf3 53.
Kd2 Kf2 0-1

[Event "Challenge"]
[Site "http://www.queenalice.com/game.php?id=957950"]
[Date "2011.7.8"]
[Round "-"]
[White "VFA"]
[Black "Edu998"]
[Result "1-0"]
[WhiteElo "1786"]
[BlackElo "1662"]

1. e4 e5 2. Nc3 Nf6 3. f4 d6 4. fxe5 dxe5 5. Nf3 Bd6 6. h3 O-O 7. d3 h6 8. Be3
Bb4 9. Qd2 Nc6 10. a3 Qe7 11. axb4 Qxb4 12. Rb1 Be6 13. b3 Rad8 14. Be2 Nh5 15.
Nxe5 Nxe5 16. Bxh5 b6 17. Nd5 Qxd2+ 18. Bxd2 Bxd5 19. exd5 Rxd5 20. O-O c5 21.
Bc3 f6 22. Rbe1 Nxd3 23. cxd3 Rxh5 24. Re7 a5 25. Rb7 Rd5 26. Rxb6 Rxd3 27. Bxa5
Rd5 28. Rc1 c4 29. Bb4 Rfd8 30. bxc4 Rd1+ 31. Rxd1 Rxd1+ 32. Kf2 Rb1 33. c5 Kf8
34. c6+ Ke8 35. Rb8+ Kf7 36. c7 1-0

[Event "Challenge"]
[Site "http://www.queenalice.com/game.php?id=957954"]
[Date "2011.7.8"]
[Round "-"]
[White "Huxley"]
[Black "Edu998"]
[Result "0-1"]
[WhiteElo "1644"]
[BlackElo "1673"]

1. e4 e5 2. Nf3 Nc6 3. Nc3 Nf6 4. d4 h6 5. Bb5 d6 6. Bxc6+ bxc6 7. dxe5 dxe5 8.
Nxe5 Qd6 9. Qxd6 cxd6 10. Nxc6 Bb7 11. Nb4 Nxe4 12. Nbd5 Rc8 13. Nxe4 Bxd5 14.
f3 Rxc2 15. O-O Be7 16. Re1 O-O 17. b3 f5 18. Nf2 Bd8 19. Rd1 Bf6 20. Rb1 Re8
21. Rxd5 Re1# 0-1

[Event "Challenge"]
[Site "http://www.queenalice.com/game.php?id=964116"]
[Date "2011.7.24"]
[Round "-"]
[White "Edu998"]
[Black "Huxley"]
[Result "1-0"]
[WhiteElo "1659"]
[BlackElo "1620"]

1. e4 e5 2. Nf3 Nc6 3. Bc4 Nf6 4. Nc3 Nxe4 5. Nxe4 d5 6. Qe2 dxc4 7. Qxc4 Be6 8.
Qa4 Bd5 9. d3 Bxe4 10. dxe4 Bb4+ 11. c3 Bd6 12. Be3 O-O 13. Rd1 Qf6 14. O-O Be7
15. Bg5 Qe6 16. Bxe7 Qxe7 17. Qb5 Rab8 18. Rd5 Rfe8 19. Rfd1 a6 20. Qc5 Qxc5 21.
Rxc5 Red8 22. Re1 f6 23. h3 Rd6 24. Rd5 Rbd8 25. Red1 Rxd5 26. exd5 Ne7 27. c4
c6 28. d6 Nc8 29. c5 b6 30. b4 bxc5 31. bxc5 Ne7 32. Kf1 Nf5 33. Ke1 Kf7 34. g4
Nh6 35. g5 fxg5 36. Nxg5+ Kf6 37. Ne4+ Kf5 38. Ng3+ Kf6 39. f3 Nf5 40. Ne4+ Kg6
41. Rb1 Nd4 42. Rb6 Nxf3+ 43. Kf2 Nd4 44. Rxa6 h5 45. Ke3 Kh6 46. h4 Nc2+ 47.
Kd2 Nd4 48. Ng5 Kg6 49. Ra7 Kf6 50. Nf7 Nb5 51. Rb7 Rf8 52. d7 Kxf7 53. d8=Q+
Kg8 54. Qd7 Nd4 55. Qxg7# 1-0

[Event "Challenge"]
[Site "http://www.queenalice.com/game.php?id=965203"]
[Date "2011.7.26"]
[Round "-"]
[White "pork_chop"]
[Black "Edu998"]
[Result "0-1"]
[WhiteElo "1624"]
[BlackElo "1612"]

1. e4 e5 2. Nf3 Nc6 3. b3 Nf6 4. Nc3 Bc5 5. Na4 Bd4 6. c3 Bb6 7. d3 h6 8. c4 d6
9. Nh4 Bd4 10. Bb2 Ng4 11. f3 Nf2 12. Qe2 Nxh1 13. Nf5 Qg5 14. g3 Bxf5 15. exf5
Qxf5 16. Bxd4 Nxd4 17. g4 Qf4 18. Qg2 Qe3+ 19. Kd1 Nf2+ 0-1

[Event "Challenge"]
[Site "http://www.queenalice.com/game.php?id=967866"]
[Date "2011.8.1"]
[Round "-"]
[White "Edu998"]
[Black "izabela"]
[Result "1-0"]
[WhiteElo "1657"]
[BlackElo "1416"]

1. d4 d5 2. e3 Nf6 3. Bd3 e6 4. Nd2 Be7 5. c3 O-O 6. f4 Nc6 7. Ngf3 Bd7 8. Ne5
Nxe5 9. fxe5 Ne4 10. Nxe4 dxe4 11. Bxe4 Bc6 12. Bxc6 bxc6 13. O-O Rb8 14. e4 Bg5
15. Bxg5 Qxg5 16. Qc2 Qe3+ 17. Kh1 Rfe8 18. Rae1 Qg5 19. Qf2 f5 20. exf6 Qxf6
21. Qxf6 gxf6 22. Rxf6 Rf8 23. Rxe6 Rxb2 24. Rxc6 Rxa2 25. Rxc7 Rff2 26. Rg1
Rae2 27. e5 a5 28. h3 a4 29. Ra7 Ra2 30. e6 Rf8 31. d5 Rff2 32. Ra8+ Rf8 33.
Rxf8+ Kxf8 34. Re1 a3 35. d6 Ke8 36. Rd1 Rc2 37. d7+ Kd8 38. e7+ Kxe7 39. d8=Q+
Ke6 40. Re1+ 1-0

[Event "Challenge"]
[Site "http://www.queenalice.com/game.php?id=968481"]
[Date "2011.8.3"]
[Round "-"]
[White "Edu998"]
[Black "Rayaniinha"]
[Result "1-0"]
[WhiteElo "1682"]
[BlackElo "1285"]

1. e4 e5 2. Nf3 Nc6 3. Bc4 Nf6 4. Nc3 d6 5. h3 Be7 6. d3 a6 7. Ng5 O-O 8. Nf3
Rb8 9. a4 Na5 10. Ba2 b5 11. d4 exd4 12. Nxd4 bxa4 13. Nxa4 Bd7 14. c3 Bxa4 15.
Qxa4 c5 16. Nc6 Nxc6 17. Qxc6 Rb6 18. Qa4 Nxe4 19. Qxe4 g6 20. O-O Rb7 21. Qxb7
1-0

[Event "DUDU x Marcelovski"]
[Site "http://www.queenalice.com/game.php?id=973321"]
[Date "2011.8.16"]
[Round "-"]
[White "Marcelovski"]
[Black "Edu998"]
[Result "1-0"]
[WhiteElo "1578"]
[BlackElo "1707"]

1. d4 d5 2. c4 e6 3. Nc3 c5 4. dxc5 Bxc5 5. e4 Bb4 6. cxd5 exd5 7. exd5 Nf6 8.
Qa4+ Qd7 9. Qxb4 Nxd5 10. Qe4+ Ne7 11. Bb5 Nc6 12. Bg5 f6 13. Bf4 O-O 14. Nf3 a6
15. Bxc6 bxc6 16. O-O Bb7 17. Rad1 Qc7 18. Bxc7 Rae8 19. Qc4+ Kh8 20. Qb4 Bc8
21. Rfe1 1-0

[Event "Challenge"]
[Site "http://www.queenalice.com/game.php?id=974698"]
[Date "2011.8.19"]
[Round "-"]
[White "Edu998"]
[Black "fluffybunnyfeet"]
[Result "1-0"]
[WhiteElo "1663"]
[BlackElo "2010"]

1. e4 c5 2. Nf3 a6 3. d4 cxd4 4. Nxd4 Nf6 5. Nc3 e5 6. Nf3 Bb4 7. Qd3 d5 8. Bg5
d4 9. O-O-O Qa5 10. Bxf6 gxf6 11. Nd5 Nd7 12. Nh4 Nc5 13. Qc4 Be6 14. Qxb4 1-0

[Event "Challenge"]
[Site "http://www.queenalice.com/game.php?id=977653"]
[Date "2011.8.27"]
[Round "-"]
[White "Huxley"]
[Black "Edu998"]
[Result "1-0"]
[WhiteElo "1596"]
[BlackElo "1692"]

1. e4 e5 2. Bc4 Nf6 3. Nc3 Bc5 4. d3 d6 5. Nf3 a6 6. O-O Nc6 7. Bg5 h6 8. Bxf6
Qxf6 9. Nd5 Qd8 10. h3 Ne7 11. c3 b5 12. Nxe7 Qxe7 13. Bd5 Rb8 14. d4 Ba7 15.
Bc6+ Bd7 16. Bxd7+ Qxd7 17. dxe5 Qe6 18. exd6 cxd6 19. Qd3 O-O 20. Rfe1 Rbd8 21.
a4 Bb6 22. axb5 axb5 23. Qxb5 Bc5 24. b4 Rb8 25. Qd3 Bb6 26. Nd4 Qf6 27. Nf5
Rbd8 28. Ra6 Bc7 29. Re3 Kh7 30. e5 dxe5 31. Nd4+ Qg6 32. Rxg6 1-0

[Event "Challenge"]
[Site "http://www.queenalice.com/game.php?id=982213"]
[Date "2011.9.6"]
[Round "-"]
[White "Edu998"]
[Black "Andrei_78"]
[Result "0-1"]
[WhiteElo "1682"]
[BlackElo "1761"]

1. e4 e5 2. Nf3 d6 3. Bc4 h6 4. d4 exd4 5. Nxd4 c5 6. Nf3 a6 7. h3 Nc6 8. Nc3
Na5 9. Nd2 Nf6 10. O-O Be7 11. b3 b5 12. Bd5 Bb7 13. Bxb7 Nxb7 14. Nf3 O-O 15.
Qe2 b4 16. Nd5 Nxd5 17. exd5 Bf6 18. Rb1 Na5 19. Bf4 Qb6 20. Nd2 Rae8 21. Qg4 g5
22. Ne4 Rxe4 23. Qf5 Rxf4 24. Qd3 Rd4 25. Qf3 Rf4 26. Qd3 Rd4 27. Qf3 Rf4 28.
Qe2 Rd4 29. Qf3 Qd8 30. Rbd1 Rxd1 31. Rxd1 Qe7 32. Qd3 Qb7 33. Re1 Kg7 34. Qf5
Qc7 35. Re3 Bd4 0-1